Statistiques concernant Culture Générale - Série 1003

Cliquez ici pour prendre le quiz!

Statistiques générales

  • Ce quiz a été pris 91 fois
  • Le résultat moyen est 8 sur 10

Statistiques - réponses

QuestionRéponse% Correct
Comme l'indique son étymologie, à quelle articulation du corps humain se rapporte le mot "génuflexion" ?genou
98%
Au centre de quelle capitale européenne trouve-t-on l'île de la Cité et l'île Saint-Louis ?Paris
98%
Selon l'expression, quand on dit les choses telles qu'elles sont, on "appelle un chat...un chat
95%
Dans quel pays d'Amérique du Sud, la première Coupe du monde de football fut-elle organisée en 1930 ?Uruguay
91%
Comment appelle-t-on les habitants de Madagascar ?Malgaches
90%
Quel mot composé désigne la suite rapide de deux pressions exercées sur le bouton d'une souris d'ordinateur ?double-clic
88%
Selon l'expression, de quel oiseau de basse-cour a-t-on les mollets quand ceux-ci sont maigres et nerveux ?coq
84%
Quel est le parfum de la liqueur grecque appelée ouzo ?anis
73%
De quel pays Tito est-il devenu président de la République en 1953 ?Yougoslavie
68%
Quel est le titre exact du premier album des aventures d'Astérix le gaulois ?Astérix le gaulois
62%

Distribution des résultats

Percentile par nombre de réponses

% des personnes avec chaque résultat

Votre développement - résultats

Vous n’avez pas pris ce quiz